| 000 | 00788nam a22002657a 4500 | ||
|---|---|---|---|
| 001 | 000653 | ||
| 003 | DO-SdBNP | ||
| 005 | 20180209100239.0 | ||
| 007 | 000653 | ||
| 008 | 161108b 1995 sp a ||||| |||| 00| 0 spa d | ||
| 020 | _a842633153X | ||
| 040 |
_aBPMSU _bspa _cBPMSU |
||
| 100 | 1 |
_aGómez Cerdá, Alfredo, _d1951- |
|
| 245 | 1 | 0 |
_aEl mago del paso subterráneo / _cAlfredo Gómez Cerdá ; ilustrado por Javier Zabala. |
| 250 | _a | ||
| 260 |
_aZaragoza : _bEdelvives, _c1995. |
||
| 300 |
_a130 p. : _bil. ; _c18 cm. |
||
| 490 | 1 |
_aAla delta _v189 |
|
| 500 | _aPara niños a partir de los 8 años. | ||
| 700 | 1 | 2 |
_aZabala, Javier, _eil. |
| 830 | 0 |
_aAla delta ; _v189 |
|
| 942 |
_2ddc _cBK |
||
| 945 | _aInventariado, 2018 /LP | ||
| 956 |
_aLOPEREZ _b10 _c20161108 _hBPMSU |
||
| 999 |
_c11839 _d11839 |
||